000 01326nam a2200385 a 4500
001 vtls000322083
003 NLI
005 20210602144852.0
008 101227s2004 ii a g 000 0 ben d
020 _a8177563815
_cRs.75.00
039 9 _y201012272236
_zbengal1
040 _aNLI
_bben
_cBengali Division
041 0 _aben
044 _aii
082 0 4 _a616.83
_222
100 1 _6880-01
_aচক্রবর্তি, শ্যামল, ডাঃ
_9495217
245 1 0 _6880-02
_aস্মৃতিশক্তি বাড়াতে হলে
_cশ্যামল চক্রবর্তি
260 _aকলকাতা
_bআনন্দ
_c2004
300 _a181p.
_bill
_c21cm.
650 0 _aMemory
_91442
700 1 _6880-03
700 1 _6880-04
710 1 _6880-05
880 1 _6100-01/(B
_aCakravarty, Syamal, Dr.
880 1 0 _6245-02/(B
_aSmrtisakti barate hale
_cSyamal Cakravarty
880 1 _6700-03/(B
880 1 _6700-04/(B
887 _atithi
901 _a71913
_b27.5.09
902 _aB616.83 C2331s
904 _atithi
949 _AVIRTUAITEM
_D10008
_X100
_6DBA000071913BEN
_aB616.83 C2331s
_e71913
942 _2ddc
_cBKS
999 _aVIRTUA
_c282932
_d282932
999 _aVTLSSORT0080*0200*0400*0410*0440*0820*1000*2450*2600*3000*6500*7000*7001*7100*8800*8801*8802*8803*9010*9020*9040*9992